000 01053nam a2200313Ia 4500
003 OSt
005 20220912150621.0
006 a|||||r|||| 00| 0
007 ta
008 220909b |||||||| |||| 00| 0 eng d
020 _a0881323578 (pbk)
024 _a12139
037 _b016, 26/05/2004, Dhanraj Book House
037 _cTextual
040 _aCSL
_beng
_cCSL
041 _aeng
082 _aY7:(X)0bT, P3
100 _aMorley Samuel
245 0 _aFrom social assistance to social development: targeted education subsidies in developing countries
260 _aWashington
_bCenter for Global Development International Food Policy Research Institute
_c2003
300 _axiv, 136p.
_ccm.
500 _aAppendix 105-128p.
_ccm.; Bibliographical references 125-128p; Index 129-136p
650 _a Economics
650 _a Education
650 _aAnthropology
700 _a Coady David
942 _hY7:(X)0bT, P3
_cTEXL
_2CC
999 _c51051
_d51051